Field testing plug-in hybrid electric vehicles with charge control technology in the Xcel Energy territory /

Bibliographic Details
Main Author: Markel, A. J. (Anthony J.)
Corporate Authors: National Renewable Energy Laboratory (U.S.), Xcel Energy Inc
Format: Government Document eBook
Language:English
Published: Golden, CO : National Renewable Energy Laboratory, [2009]
Series:NREL/TP ; 550-46345.
Subjects:
Online Access:https://purl.fdlp.gov/GPO/gpo2350

MARC

Tag First Indicator Second Indicator Subfields
LEADER 00000cam a2200000 a 4500
001 in00002662607
005 20211120160636.0
006 m d f
007 cr mn|||||||||
008 090909s2009 coua ob f000 0 eng c
035 |a (OCoLC)ocn436171273 
040 |a SOE  |c SOE  |d SOE  |d GPO  |d MvI  |d UtOrBLW 
042 |a pcc 
043 |a n-us--- 
049 |a WWW 
074 |a 0430-P-03 (online) 
086 0 |a E 9.16:NREL/TP-550-46345 
100 1 |a Markel, A. J.  |q (Anthony J.) 
245 1 0 |a Field testing plug-in hybrid electric vehicles with charge control technology in the Xcel Energy territory /  |c T. Markel [and others]. 
246 3 |a Field testing plug in hybrid electric vehicles with charge control technology in the Xcel Energy territory 
264 1 |a Golden, CO :  |b National Renewable Energy Laboratory,  |c [2009] 
300 |a 1 online resource (iii, 17 pages) :  |b illustrations 
336 |a text  |b txt  |2 rdacontent 
337 |a computer  |b c  |2 rdamedia 
338 |a online resource  |b cr  |2 rdacarrier 
490 1 |a NREL/TP-550-46345 
500 |a Title from PDF title screen (NREL, viewed Sept. 9, 2009). 
500 |a "August 2009." 
504 |a Includes bibliographical references (pages 16-17). 
536 |b DE-AC36-08-GO28308.  |g WR641000 
500 |a Electronic resource. 
650 0 |a Electric vehicles  |x Research. 
650 0 |a Electric automobiles  |x Energy consumption. 
710 2 |a National Renewable Energy Laboratory (U.S.) 
710 2 |a Xcel Energy Inc. 
830 0 |a NREL/TP ;  |v 550-46345. 
856 4 0 |u https://purl.fdlp.gov/GPO/gpo2350  |t 0 
999 |a MARS 
999 f f |s 87a42ae4-ed2a-3a70-bd71-e6d67eab8ff8  |i 92fab997-22d2-3e21-9c81-243654a8f863  |t 0 
952 f f |a Texas A&M University  |b College Station  |c Electronic Resources  |d Available Online  |t 0  |e E 9.16:NREL/TP-550-46345  |h Superintendent of Documents classification 
998 f f |a E 9.16:NREL/TP-550-46345  |t 0  |l Available Online